Mimoriadna účtovná závierka v reštrukturalizačnom procese

Charakteristika a účel reštrukturalizácie. Štandardné fázy investičného procesu: predakvizičná, akvizičná, realizačná fáza a exit. Realizácia plánu reštrukturalizácie. Povinnosť zostavenia mimoriadnej účtovnej závierky.

Na minha lista:
Detalhes bibliográficos
Autor principal: Silná, Renáta, 1981-
Formato: Capítulo de Livro
Idioma:eslovaco
Assuntos:
Tags: Adicionar Tag
Sem tags, seja o primeiro a adicionar uma tag!

MARC

LEADER 00000naa$a2200000$$$4500
001 0057522
005 20240502071641.0
041 0 |a slo 
044 |a SK 
245 1 0 |a Mimoriadna účtovná závierka v reštrukturalizačnom procese  |c Renáta Silná 
520 |a Charakteristika a účel reštrukturalizácie. Štandardné fázy investičného procesu: predakvizičná, akvizičná, realizačná fáza a exit. Realizácia plánu reštrukturalizácie. Povinnosť zostavenia mimoriadnej účtovnej závierky. 
610 2 0 |a reštrukturalizácia 
610 2 0 |a akvizícia 
610 2 0 |a investori 
610 2 0 |a závierka účtovná 
100 1 |a Silná, Renáta, 1981-